LEADER 01115nam a2200277 i 4500 001 000000239567 003 CaOOAMICUS 005 20250721103150.0 008 150311s1983 it u000 u ita u 013 $a218472 040 $aSeMil$bita 100 1 $aSerenthà, Luigi,$c.$0(OLS)http://semarc/name/10583 245 10$aLaici secondo il Concilio /$cLuigi Serenthà. 260 $aRoma :$bAVE,$cstampa 1983. 300 $a27 p. ;$c22 cm. 490 0 $aProposte ;$v3 500 $aIn calce alla copertina : Azione Cattolica Italiana 650 4$aConcilio Vaticano II <1962-1965> - Laici.$0(OLS)http://semarc/subject/9827 650 4$aAzione Cattolica Italiana - Documenti.$0(OLS)http://semarc/subject/3780 830 0$aProposte ;$v3.$0(OLS)http://semarc/title/22700 850 $aSeMil 852 $aSeMil$W1$xVenegono$y1$m5D XII 21/23$j259969$B189913$CSeMilBibl$Z2$F200748 $81 961 $aFondo Serenthà mons. Luigi 996 $6245$aLaici secondo il Concilio$9(OLS)http://semarc/title/341151 996 $6260$aRoma :$bAVE$9(OLS)http://semarc/publisher/30251 LEADER 01170nam a2200253 i 4500 001 000000185225 003 CaOOAMICUS 005 20100129000000.0 008 100129s1950 it u000 u ita u 013 $a163221 040 $aSeMil$bita 100 1 $aPisani, Vittore,$d<1899-1989>.$0(OLS)http://semarc/name/2107 245 13$aLe religioni dei Celti e dei Balto-Slavi nell'Europa precristiana /$cdi Vittore Pisani. 260 $aMilano :$bIstituto editoriale Galileo,$c1950. 300 $a103 p. ;$c18 cm. 490 0 $aLe religioni dell'umanità ;$v9 650 4$aCelti - Religione.$0(OLS)http://semarc/subject/52922 650 4$aReligioni precristiane - Europa.$0(OLS)http://semarc/subject/34973 650 4$aReligione balto-slava.$0(OLS)http://semarc/subject/34974 830 3$aLe religioni dell'umanità ;$v9.$0(OLS)http://semarc/title/30585 850 $aSeMil 852 $aSeMil$W1$xVenegono$y1$m2X I 277$j135916$B135916$CSeMilBibl$Z2$F147479 $81 996 $6245$aLe religioni dei Celti e dei Balto-Slavi nell'Europa precristiana$9(OLS)http://semarc/title/266102 996 $6260$aMilano :$bIstituto editoriale Galileo$9(OLS)http://semarc/publisher/35776